| 000 | 00573cam a2200193 a 4500 | ||
|---|---|---|---|
| 020 | _a0471170550 (acidfree paper) | ||
| 040 | _cDLC | ||
| 082 | 0 | 0 | _a512 WIL 2000 A034 Or. |
| 100 | 1 | _aAnton, Howard. | |
| 245 | 1 | 0 | _aElementary linear algebra / |
| 250 | _a8th ed. | ||
| 260 |
_aNew York : _bWiley, _cc2000. |
||
| 300 |
_axv, 588 p. : _bill. ; _c26 cm. |
||
| 500 | _aIncludes index. | ||
| 650 | 0 | _aAlgebras, Linear. | |
| 856 | 4 | 2 | _uhttp://www.loc.gov/catdir/description/wiley037/99044926.html |
| 856 | 4 | _uhttp://www.loc.gov/catdir/toc/onix03/99044926.html | |
| 942 | _cEK | ||
| 999 |
_c12805 _d12805 |
||